00822cam a2200217Ia 45000010006000000050017000060080041000230350023000640400042000870200022001290200025001510350020001761000026001962450074002222600030002963000034003265000114003605040066004746500023005406500041005635118620230411090005.0020912r20022001nyuab b 001 0 eng  a(OCoLC)ocm50591646 aNMPcNMPdMEAdGZQdOCLCQdBAKERdIHI a0452283701 (pbk.) a9780452283701 (pbk.) a(OCoLC)505916461 aHart, Matthew,d1945-10aDiamond :bthe history of a cold-blooded love affair /cMatthew Hart. aNew York :bPlume,c2002. a276 p. :bill. maps ;c22 cm. aPrevious edition titled: Diamond: a journey to the heart of an obsession (New York : Walker & Company, 2001). aIncludes bibliographical references (p. [255]-258) and index. 0aDiamondsxHistory. 0aDiamond industry and tradexHistory.